00381nam a2200097Ia 4500008004100000260006500041650002300106856006200129999001900191952007300210170516s9999 xx 000 0 und d bEAI Endorsed Transactions on Pervasive Health and Technology xMEDICAL TECHNOLOGY uhttp://eai.eu/transaction/pervasive-health-and-technology c333006d333006 001040aCLbCLd2017-05-16l0r2017-05-16 00:00:00w2017-05-16yFOJ